|
|
|
|
| LEADER |
01917nam a2200553 i 4500 |
| 001 |
nkc20172955707 |
| 003 |
CZ PrNK |
| 005 |
20171220144003.0 |
| 007 |
ta |
| 008 |
171116s2017 xr a e f 000 0 cze |
| 015 |
|
|
|a cnb002955707
|
| 020 |
|
|
|a 978-80-7261-525-4
|q (brožováno) :
|c Kč 399,00
|
| 035 |
|
|
|a (OCoLC)1019648717
|
| 040 |
|
|
|a OLA001
|b cze
|e rda
|
| 041 |
1 |
|
|a cze
|h eng
|
| 072 |
|
7 |
|a 658
|x Řízení a správa podniku
|2 Konspekt
|9 4
|
| 080 |
|
|
|a 658.8
|2 MRF
|
| 080 |
|
|
|a 366.1
|2 MRF
|
| 080 |
|
|
|a 005.346
|2 MRF
|
| 080 |
|
|
|a 339:17.024.4
|2 MRF
|
| 080 |
|
|
|a (0.062)
|2 MRF
|
| 100 |
1 |
|
|a Yoon, Eddie
|7 osa2017972389
|4 aut
|
| 240 |
1 |
0 |
|a Superconsumers.
|l Česky
|
| 245 |
1 |
0 |
|a Superzákazník :
|b jednoduchá a rychlá cesta k růstu /
|c Eddie Yoon ; překlad: Tomáš Piňos
|
| 250 |
|
|
|a 1. vydání
|
| 264 |
|
1 |
|a Praha :
|b Management Press,
|c 2017
|
| 300 |
|
|
|a 199 stran :
|b ilustrace ;
|c 24 cm
|
| 336 |
|
|
|a text
|b txt
|2 rdacontent
|
| 337 |
|
|
|a bez média
|b n
|2 rdamedia
|
| 338 |
|
|
|a svazek
|b nc
|2 rdacarrier
|
| 500 |
|
|
|a Přeloženo z angličtiny
|
| 504 |
|
|
|a Obsahuje bibliografické odkazy
|
| 650 |
0 |
7 |
|a marketing
|7 ph115227
|2 czenas
|
| 650 |
0 |
7 |
|a spotřebitelské chování
|7 ph125966
|2 czenas
|
| 650 |
0 |
7 |
|a řízení vztahů se zákazníky
|7 ph118187
|2 czenas
|
| 650 |
0 |
7 |
|a obchodní úspěch
|7 ph123563
|2 czenas
|
| 650 |
0 |
9 |
|a marketing
|2 eczenas
|
| 650 |
0 |
9 |
|a consumer behavior
|2 eczenas
|
| 650 |
0 |
9 |
|a customer relationship management
|2 eczenas
|
| 650 |
0 |
9 |
|a commercial success
|2 eczenas
|
| 655 |
|
7 |
|a populárně-naučné publikace
|7 fd131864
|2 czenas
|
| 655 |
|
9 |
|a popular works
|2 eczenas
|
| 700 |
1 |
|
|a Piňos, Tomáš
|7 xx0046041
|4 trl
|
| 910 |
2 |
|
|a BOA001
|b 2-1397.610
|
| 928 |
9 |
|
|a Albatros Media - Management Press
|
| 990 |
|
|
|a BK
|
| 995 |
|
|
|a 01
|
| 991 |
|
|
|b 201711
|c NOV
|
| 996 |
6 |
|
|b 2610725793
|c 2-1397.610
|l MZK
|r Sklad / do 1 hodiny
|n 4
|p p.v.
|w 001640592
|u 000010
|a 1
|e BOA001
|j MZK50
|s P
|